Statistics for Countries without a Rail Network

Click here to take the quiz!

General Stats

  • This quiz has been taken 70 times
  • The average score is 22 of 46

Answer Stats

Answer% Correct
St Lucia
72%
San Marino
72%
Vanuatu
69%
Tuvalu
69%
Tonga
69%
Andorra
67%
Kiribati
64%
Suriname
64%
Solomon Islands
64%
Malta
62%
Samoa
62%
Comoros
62%
Antigua and Barbuda
62%
Palau
61%
Seychelles
61%
Micronesia
61%
Bahamas
61%
Marshall Islands
59%
Dominica
57%
Sao Tome and Principe
57%
Iceland
54%
Trinidad and Tobago
54%
Belize
54%
Cape Verde
49%
Bhutan
48%
St Vincent & Grenadines
48%
Papua New Guinea
48%
Haiti
48%
Burundi
44%
Brunei
43%
Cyprus
41%
Bahrain
41%
Gambia
39%
East Timor
38%
Rwanda
36%
Chad
34%
Yemen
31%
Oman
31%
Kuwait
28%
Guinea-Bissau
28%
Somalia
28%
Niger
25%
Central African Republic
21%
Equatorial Guinea
21%
Lebanon
20%
Libya
11%

Score Distribution

Percentile by Number Answered

Percent of People with Each Score

Your Score History

You have not taken this quiz